Máximos asistentes del FC Barcelona (2010 - 2025) - Estadísticas

Estadísticas generales
  • Esta prueba ha sido intentada 160 veces
  • La puntuación promedio es 19 de 25
Estadísticas de respuestas
Asistencias Jugador % Correcto
260 Lionel Messi
100%
113 Luis Suárez
100%
92 Andrés Iniesta
99%
76 Neymar Jr.
99%
78 Xavi Hernández
99%
91 Dani Alves
91%
99 Jordi Alba
91%
21 Pedri
91%
45 Sergio Busquets
91%
34 Lamine Yamal
88%
61 Pedro Rodríguez
84%
50 Raphinha
84%
42 Ivan Rakitic
81%
20 Robert Lewandowski
80%
23 Frenkie De Jong
78%
42 Ousmane Dembélé
68%
24 David Villa
67%
43 Sergi Roberto
64%
50 Cesc Fàbregas
61%
20 Ferran Torres
58%
38 Alexis Sánchez
53%
18 Jules Koundé
51%
18 Alejandro Balde
50%
19 Thiago Alcántara
21%
23 Adriano
20%
No se encontraron pruebas coincidentes
Distribución de puntuación
Porcentaje de gente con cada puntuación
Porcentaje por número respondido
Historial de tus puntuaciones
No has intentado esta prueba.